Para una pastoral de la cultura
Saved in:
| Institution som forfatter: | |
|---|---|
| Format: | Bog |
| Sprog: | spansk |
| Udgivet: |
Buenos Aires
Paulinas
1999
|
| Serier: | El Pastor nos guía
|
| Fag: | |
| Tags: |
Tilføj Tag
Ingen Tags, Vær først til at tagge denne postø!
|
MARC
| LEADER | 00000nam a2200000 a 4500 | ||
|---|---|---|---|
| 001 | UCL5000 | ||
| 003 | CL-VaPUC | ||
| 008 | 040227e19990000AG |||||||||||||||||spa|d | ||
| 020 | |a 9500913410 | ||
| 082 | 0 | 4 | |a 262.91 |b CON |2 21 |
| 110 | 2 | |a Consejo Pontificio para la Cultura |e author |9 482744 | |
| 245 | 1 | 0 | |a Para una pastoral de la cultura |
| 300 | |a 76 p | ||
| 942 | |c BK | ||
| 945 | |d 20040227 00:00:00 |a cmena | ||
| 260 | |a Buenos Aires |b Paulinas |c 1999 | ||
| 650 | 0 | |a Documentos pontificios |9 255642 | |
| 650 | 7 | |a EVANGELIZACION |2 CL-VaPUC |9 482745 | |
| 650 | 0 | |a Desarrollo cultural |9 267526 | |
| 650 | 0 | |a Concilio Vaticano II |9 258399 | |
| 583 | |a last modification |c 20130925 05:48:34 |k Rodrigo Vera | ||
| 490 | 0 | |a El Pastor nos guía | |
| 999 | |c 307744 |d 307742 | ||
| 952 | |0 0 |1 0 |4 0 |6 262_910000000000000_CON_1999 |7 0 |8 A |9 373843 |a BIBTEO |b BIBTEO |d 2019-11-21 |i 3957772 |o 262.91 CON 1999 |p 3957772 |r 2025-01-17 |w 2019-11-21 |y BK |k ICR | ||